00811nam a22002297a 4500999001500000001000600015003000900021005001700030008004100047020001800088040003800106082002000144245006900164260003500233300004100268504005000309600004200359650002700401700002300428942001200451952011800463 c3208d320812354BD-DhUAP20200302160441.0200302s2003 fr a|||| b||| 001 0 eng d a9782080111593 aBD-DhUAPbEngcBD-DhUAPdBD-DhUAP 223a709.031 LIT aThe little book of Michelangelo / cHélène Sueur...[et al.]. aParis : bFlammarion, cc2003. a120 pages :billustrations ;c22 cm. aInclude bibliographical references and index. aMichelangelo Buonarroti, d1475-1564. aArchitecturevhistory. aSueur, Hélène. 2ddccBK 00102ddc4070aUAPCLbUAPCLcGeneral Stacksd2020-03-02o709.031 LITp3010012354r2020-03-02t1w2020-03-02yBK